Suomen linnat ja linnoitukset - Statistics

Yleistilastot
  • Tätä visaa on pelattu 42 kertaa
  • Keskiarvotulos 6 / 12
Vastaustilastot
Kuvavisa Vastaus % Oikein
Turun linna
100%
Olavinlinna
94%
Hämeen linna
92%
Suomenlinna
86%
Kajaanin rauniolinna
42%
Kastelholman linna
42%
Raaseporin rauniolinna
42%
Haminan linnoitus
36%
Kuusiston linnanraunio
28%
Lappeenrannan linnoitus
19%
Kotkan linnoitukset
8%
Svartholma
6%
Ehtoja vastaavia visoja ei löytynyt
Tulosjakauma
Jokaisen tuloksen saaneiden osuus
Persentiili vastausten määrän mukaan
Tuloshistoriasi
Et ole pelannut tätä visaa